Albums de Rap FR - Statistiques

Statistiques générales
  • Ce quiz a été pris 246 fois
  • Le résultat moyen est 4 sur 8
Statistiques - réponses
Par images Réponse % Correct
Commando
83%
Cyborg
78%
Trinity
76%
Lithopédion
69%
Enna
68%
Survie
38%
Omega
15%
VI republique
10%
Aucun quiz correspondant
Distribution des résultats
% des personnes avec chaque résultat
Percentile par nombre de réponses
Votre historique - résultats
Vous n’avez pas pris ce quiz